[Event "South America-ch U16 Girls 16th"]
[Site "Buenos Aires"]
[Date "2019.12.04"]
[Round "6.7"]
[White "Rodriguez, Ana Valentina"]
[Black "Carvalho, Vivian dos Santos"]
[Result "1-0"]
[WhiteElo "1478"]
[BlackElo "1551"]
[PlyCount "45"]
[EventDate "2019.12.01"]
[EventType "swiss"]
[EventRounds "9"]
[EventCountry "ARG"]
[SourceTitle "EXT 2024"]
[Source "ChessBase"]
[SourceDate "2023.10.10"]
[SourceVersion "1"]
[SourceVersionDate "2023.10.10"]
[SourceQuality "1"]

1. d4 Nf6 2. Bf4 g6 3. Nf3 Bg7 4. e3 d5 5. h3 0-0 6. Bd3 Nbd7 7. Nbd2 c5 8. c3 b6 9. 0-0 Bb7 10. Ne5 Nh5 11. Ndf3 Nxf4 12. exf4 Qc7 13. Re1 Rfe8 14. Nxd7 Qxd7 15. Ne5 Qc7 16. f5 c4 17. Bc2 b5 18. h4 Bc8 19. fxg6 hxg6 20. h5 g5 21. h6 Bxe5 22. Rxe5 f6 23. Qh5 1-0

[Event "South America-ch U16 Girls 16th"]
[Site "Buenos Aires"]
[Date "2019.12.02"]
[Round "2.4"]
[White "Sanchez Tobar, Francisca Valentina"]
[Black "Carvalho, Vivian dos Santos"]
[Result "1-0"]
[WhiteElo "1786"]
[BlackElo "1551"]
[PlyCount "67"]
[EventDate "2019.12.01"]
[EventType "swiss"]
[EventRounds "9"]
[EventCountry "ARG"]
[SourceTitle "EXT 2024"]
[Source "ChessBase"]
[SourceDate "2023.10.10"]
[SourceVersion "1"]
[SourceVersionDate "2023.10.10"]
[SourceQuality "1"]

1. e4 c5 2. c4 Nc6 3. g3 g6 4. Bg2 Bg7 5. Nc3 d6 6. d3 Nf6 7. Nge2 Rb8 8. 0-0 Bg4 9. f3 Bd7 10. h3 Qc8 11. Kh2 h5 12. Be3 a6 13. a4 Nb4 14. Qd2 b6 15. Rad1 Kf8 16. b3 e5 17. f4 Be6 18. Nd5 Nfxd5 19. cxd5 Bd7 20. fxe5 dxe5 21. Bg5 Ke8 22. Bf6 Kf8 23. Qg5 Qe8 24. Bxg7+ Kxg7 25. Qf6+ Kg8 26. Ng1 Rh7 27. Nf3 Qd8 28. Nxe5 Qxf6 29. Rxf6 Rb7 30. Nxd7 Rxd7 31. Rxb6 Kg7 32. d4 a5 33. dxc5 f6 34. d6 1-0

[Event "Mineiro-ch"]
[Site "Varginha"]
[Date "2019.11.17"]
[Round "6"]
[White "Gomes, Carlos Henrique Cal"]
[Black "Carvalho, Vivian dos Santos"]
[Result "1/2-1/2"]
[WhiteElo "1766"]
[BlackElo "1542"]
[PlyCount "46"]
[EventDate "2019.11.14"]
[EventType "swiss"]
[EventRounds "7"]
[EventCountry "BRA"]
[SourceTitle "EXT 2021"]
[Source "ChessBase"]
[SourceDate "2020.10.23"]
[SourceVersion "1"]
[SourceVersionDate "2020.10.23"]
[SourceQuality "1"]

1. d4 Nf6 2. c4 g6 3. Nc3 d5 4. cxd5 Nxd5 5. Nxd5 Qxd5 6. Nf3 Bg7 7. e3 0-0 8. Qb3 Be6 9. Qxd5 Bxd5 10. Bd3 Bxf3 11. gxf3 c6 12. h4 h5 13. f4 e6 14. Bd2 Rd8 15. Ke2 Nd7 16. Rhg1 Kh7 17. Rg5 Bf6 18. Rxh5+ Kg7 19. Rg1 Kf8 20. Rh7 Kg8 21. Rh5 Kf8 22. Rh7 Kg8 23. Rh5 Kf8 1/2-1/2

[Event "Varginha Mineiro-ch"]
[Site "Varginha"]
[Date "2019.11.15"]
[Round "3"]
[White "Carvalho, Vivian dos Santos"]
[Black "Barroso, Hugo Mazochi"]
[Result "0-1"]
[WhiteElo "1542"]
[BlackElo "1886"]
[PlyCount "80"]
[EventDate "2019.11.14"]
[EventType "swiss"]
[EventRounds "7"]
[EventCountry "BRA"]
[SourceTitle "CBM 193 Extra"]
[Source "ChessBase"]
[SourceDate "2020.01.31"]
[SourceVersion "1"]
[SourceVersionDate "2020.01.31"]
[SourceQuality "1"]

1. c4 c5 2. Nf3 g6 3. d4 cxd4 4. Qxd4 Nc6 5. Qd1 Nb8 6. Nd4 Nc6 7. e4 Nf6 8. f3 Nxd4 9. Qxd4 d6 10. Be2 Bg7 11. Be3 0-0 12. Qd2 Be6 13. Nc3 Qa5 14. 0-0 Rfc8 15. Nd5 Qxd2 16. Bxd2 Nxd5 17. cxd5 Bd7 18. Rab1 Rc2 19. Rfd1 Rxb2 20. Rxb2 Bxb2 21. Be3 b6 22. Rb1 Ba3 23. Rb3 Bc5 24. Bxc5 dxc5 25. Bb5 Bxb5 26. Rxb5 Kg7 27. a4 Kf6 28. Kf2 e6 29. dxe6 Kxe6 30. Ke3 Kd6 31. Rb2 Rd8 32. Rd2+ Kc7 33. Rxd8 Kxd8 34. Kd3 Kc7 35. Kc4 Kc6 36. f4 a6 37. g4 b5+ 38. axb5+ axb5+ 39. Kc3 g5 40. f5 Kd6 0-1

[Event "Varginha Mineiro-ch"]
[Site "Varginha"]
[Date "2019.11.14"]
[Round "1"]
[White "Carvalho, Vivian dos Santos"]
[Black "Lapertosa Viana, Julio"]
[Result "0-1"]
[WhiteElo "1542"]
[BlackElo "2023"]
[PlyCount "106"]
[EventDate "2019.11.14"]
[EventType "swiss"]
[EventRounds "7"]
[EventCountry "BRA"]
[SourceTitle "CBM 193 Extra"]
[Source "ChessBase"]
[SourceDate "2020.01.31"]
[SourceVersion "1"]
[SourceVersionDate "2020.01.31"]
[SourceQuality "1"]

1. c4 e6 2. Nc3 d5 3. cxd5 exd5 4. d4 Nf6 5. Bg5 Be7 6. Nf3 0-0 7. e3 c6 8. Bd3 Nbd7 9. 0-0 Re8 10. Qc2 Nf8 11. h3 g6 12. a3 a5 13. Rab1 Ne4 14. Bxe4 Bxg5 15. Bd3 Bf6 16. b4 axb4 17. axb4 Ne6 18. Na4 Ng5 19. Nxg5 Bxg5 20. Qb3 Be7 21. b5 Bd6 22. bxc6 bxc6 23. Qc2 Bxh3 24. Rfc1 Qg5 25. g3 Bxg3 26. fxg3 Qxg3+ 27. Kh1 Rxa4 28. Rg1 Qf3+ 29. Kh2 Bd7 30. Rg3 Qh5+ 31. Kg2 Rea8 32. Rh1 Ra2 33. Rxh5 Rxc2+ 34. Bxc2 Ra2 35. Kf1 Rxc2 36. Ke1 Be6 37. Rh4 c5 38. dxc5 Rxc5 39. Rd4 Bf5 40. Ke2 Be4 41. Rg5 Rc2+ 42. Kd1 Ra2 43. Re5 Ra7 44. Rb4 Kg7 45. Re8 h5 46. Rbb8 Bf5 47. Red8 Be6 48. Rd6 Ra2 49. Rdb6 Rg2 50. Rb2 Rg3 51. Kd2 h4 52. Kd3 g5 53. Rh2 h3 0-1

[Event "BRA-ch U14 Girls"]
[Site "Florianopolis"]
[Date "2018.04.28"]
[Round "1"]
[White "Martins, Lara"]
[Black "Carvalho, Vivian dos Santos"]
[Result "0-1"]
[WhiteElo "1232"]
[BlackElo "1470"]
[PlyCount "90"]
[EventDate "2018.04.28"]
[EventType "swiss"]
[EventRounds "6"]
[EventCountry "BRA"]
[SourceTitle "EXT 2021"]
[Source "ChessBase"]
[SourceDate "2020.10.23"]
[SourceVersion "1"]
[SourceVersionDate "2020.10.23"]
[SourceQuality "1"]

1. e4 c5 2. Nf3 Nc6 3. d4 cxd4 4. Nxd4 g6 5. Nc3 Bg7 6. Be3 d6 7. Bb5 Bd7 8. 0-0 Nf6 9. f3 a6 10. Ba4 0-0 11. Nxc6 Bxc6 12. Bb3 Nd7 13. Qd2 Re8 14. Rab1 b5 15. Ne2 Nc5 16. Bd5 Bxd5 17. exd5 e6 18. Nf4 Bh6 19. Nh3 Bg7 20. Bh6 Bh8 21. dxe6 Rxe6 22. Rfe1 Qb6 23. Kf1 Rae8 24. Re3 Na4 25. Rbe1 Bxb2 26. Rxe6 fxe6 27. Qf4 Qc7 28. Kg1 Be5 29. Qh4 Bg7 30. Ng5 Nc5 31. Bxg7 Qxg7 32. Qg4 Qf6 33. Qh4 h5 34. g4 Qh8 35. gxh5 Qxh5 36. Qf4 Rf8 37. Nf7 Rxf7 38. Qxd6 Qg5+ 39. Kf2 Qh5 40. Re3 Ne4+ 41. Rxe4 Qxf3+ 42. Ke1 Qxe4+ 43. Kd2 Rf2+ 44. Kd1 Qe2+ 45. Kc1 Qxc2# 0-1

[Event "Pocos de Caldas op"]
[Site "Pocos de Caldas"]
[Date "2018.03.03"]
[Round "3"]
[White "Carvalho, Vivian dos Santos"]
[Black "Minetto, Adriano"]
[Result "0-1"]
[WhiteElo "1470"]
[BlackElo "2018"]
[PlyCount "138"]
[EventDate "2018.03.02"]
[EventType "swiss"]
[EventRounds "6"]
[EventCountry "BRA"]
[SourceTitle "CBM 183 Extra"]
[Source "ChessBase"]
[SourceDate "2018.04.19"]
[SourceVersion "1"]
[SourceVersionDate "2018.04.19"]
[SourceQuality "1"]

1. c4 Nf6 2. Nc3 c5 3. Nf3 Nc6 4. g3 g6 5. Bg2 Bg7 6. 0-0 0-0 7. Rb1 d6 8. a3 Bf5 9. d3 Qd7 10. Re1 Bh3 11. Bh1 h6 12. b4 b6 13. b5 Na5 14. Nd2 Rad8 15. Nb3 Ng4 16. Bd2 Nxb3 17. Qxb3 Qf5 18. f3 Nf6 19. e4 Qd7 20. Ne2 h5 21. Be3 e5 22. Bg5 Rde8 23. Bg2 Be6 24. Nc3 Kh7 25. Rf1 Ng8 26. Bd2 Bh6 27. Bxh6 Nxh6 28. Nd5 Bxd5 29. cxd5 f5 30. f4 Qg7 31. fxe5 Qxe5 32. Qb2 Ng4 33. Qxe5 Nxe5 34. exf5 Rxf5 35. Be4 Rxf1+ 36. Rxf1 Kg7 37. h3 Rf8 38. Rxf8 Kxf8 39. Kf2 Kg7 40. Ke3 Kf6 41. a4 g5 42. Bh7 h4 43. gxh4 gxh4 44. Bg8 Kg5 45. Be6 Ng4+ 46. Ke4 Ne5 47. Ke3 Ng6 48. Ke4 Nf4 49. Bg4 Ng2 50. Be6 Ne1 51. Ke3 Nc2+ 52. Ke4 Nd4 53. Bg4 Nb3 54. Ke3 Na5 55. Ke4 c4 56. Kd4 cxd3 57. Kxd3 Kf4 58. Kc3 Ke4 59. Be6 Ke5 60. Kd3 Nb7 61. Ke3 Nc5 62. Bg4 Nxa4 63. Bd7 Nc3 64. Bc6 Nxd5+ 65. Kf3 Nf6 66. Ke3 d5 67. Kd3 d4 68. Kc4 Ne4 69. Kd3 Nf2+ 0-1

[Event "Sao Paulo Carnaval op"]
[Site "Sao Paulo"]
[Date "2018.02.11"]
[Round "3"]
[White "Carvalho, Vivian dos Santos"]
[Black "Pereira, Armando Scharlau"]
[Result "0-1"]
[WhiteElo "1440"]
[BlackElo "1751"]
[PlyCount "90"]
[EventDate "2018.02.10"]
[EventType "swiss"]
[EventRounds "7"]
[EventCountry "BRA"]
[SourceTitle "CBM 183 Extra"]
[Source "ChessBase"]
[SourceDate "2018.04.19"]
[SourceVersion "1"]
[SourceVersionDate "2018.04.19"]
[SourceQuality "1"]

1. c4 Nf6 2. Nc3 g6 3. Nf3 Bg7 4. g3 0-0 5. Bg2 c6 6. 0-0 d5 7. cxd5 Nxd5 8. Nxd5 cxd5 9. d4 Nc6 10. e3 Bf5 11. Qb3 Na5 12. Qb4 Rc8 13. b3 Bd3 14. Rd1 Ba6 15. Ba3 Re8 16. Rac1 Rxc1 17. Rxc1 e5 18. Nxe5 Bf8 19. Qd2 Bxa3 20. Rc2 Bf8 21. Bh3 Bd6 22. Rc8 Qe7 23. Rxe8+ Qxe8 24. Qxa5 Bxe5 25. dxe5 Qxe5 26. Qe1 d4 27. Qa1 Qh5 28. Bg2 dxe3 29. fxe3 Qe2 30. Qc1 Qxa2 31. Qc8+ Kg7 32. Qc3+ Kg8 33. Qc8+ Kg7 34. Qc3+ Kh6 35. Qc1 Qxb3 36. h4 Qe6 37. e4+ Kg7 38. Qc3+ Kg8 39. Qd4 Qb6 40. Qxb6 axb6 41. Kf2 Kf8 42. Ke3 Ke7 43. Kd4 f6 44. Kd5 Bb5 45. e5 Bc6+ 0-1

[Event "Sao Paulo Carnaval op"]
[Site "Sao Paulo"]
[Date "2018.02.10"]
[Round "1"]
[White "Carvalho, Vivian dos Santos"]
[Black "Hoshino, Karen M"]
[Result "0-1"]
[WhiteElo "1440"]
[BlackElo "1976"]
[PlyCount "54"]
[EventDate "2018.02.10"]
[EventType "swiss"]
[EventRounds "7"]
[EventCountry "BRA"]
[SourceTitle "CBM 183 Extra"]
[Source "ChessBase"]
[SourceDate "2018.04.19"]
[SourceVersion "1"]
[SourceVersionDate "2018.04.19"]
[SourceQuality "1"]

1. c4 e5 2. Nc3 Nf6 3. Nf3 Nc6 4. g3 d5 5. cxd5 Nxd5 6. d3 Nb6 7. Bg2 Be7 8. 0-0 0-0 9. a3 Be6 10. b4 a5 11. b5 Nd4 12. Nxe5 Bf6 13. f4 Bxe5 14. fxe5 Nb3 15. Rb1 Qd4+ 16. e3 Qxc3 17. Bb2 Qd2 18. Bc1 Qxd1 19. Rxd1 Rab8 20. Bb2 Rfd8 21. Bf3 a4 22. Bc3 Nd5 23. Bxd5 Rxd5 24. Rb2 Rbd8 25. d4 Rxb5 26. Bb4 c5 27. Bxc5 Rxc5 0-1

[Event "BRA-ch U14 Girls"]
[Site "Brasilia"]
[Date "2017.04.23"]
[Round "6"]
[White "Carvalho, Vivian dos Santos"]
[Black "Ribeiro, Victoria de Oliveir"]
[Result "1-0"]
[WhiteElo "1489"]
[BlackElo "1778"]
[PlyCount "117"]
[EventDate "2017.04.21"]
[EventType "swiss"]
[EventRounds "6"]
[EventCountry "BRA"]
[SourceTitle "CBM 177 Extra"]
[Source "ChessBase"]
[SourceDate "2017.04.27"]
[SourceVersion "1"]
[SourceVersionDate "2017.04.27"]
[SourceQuality "1"]

1. c4 e5 2. Nc3 Nf6 3. Nf3 Nc6 4. d3 Bc5 5. Bg5 0-0 6. Bxf6 Qxf6 7. Ne4 Qe7 8. Nxc5 Qxc5 9. g3 e4 10. dxe4 Qxc4 11. Qd3 Qb4+ 12. Qd2 Qxe4 13. Bg2 d5 14. 0-0 Bg4 15. h3 Bxf3 16. Bxf3 Qe6 17. Qxd5 Qxh3 18. Bg2 Qe6 19. Qxe6 fxe6 20. Rac1 Nd4 21. Rxc7 Nxe2+ 22. Kh2 Rab8 23. Rxb7 Rxb7 24. Bxb7 Rb8 25. Ba6 Rxb2 26. Bc4 Nd4 27. Kg2 Kf8 28. Re1 e5 29. Rxe5 Rb4 30. Bd3 Rb2 31. Ra5 Nc6 32. Ra3 a5 33. Be4 Nb4 34. Rxa5 Nxa2 35. Bxh7 Nc3 36. Ra3 Ne4 37. Bxe4 Kf7 38. Kf3 Kf6 39. Ke3 g5 40. g4 Rb4 41. f3 Rb5 42. Ra6+ Ke5 43. Rg6 Rb3+ 44. Kf2 Kf4 45. Rf6+ Ke5 46. Rf5+ Kd4 47. Rxg5 Rb2+ 48. Kg3 Ke3 49. Rd5 Rf2 50. Rd3+ Ke2 51. Rc3 Rf1 52. Bd3+ Kd2 53. Bxf1 Kxc3 54. g5 Kd2 55. g6 Ke1 56. g7 Kxf1 57. g8Q Kg1 58. Qa2 Kf1 59. Qf2# 1-0

[Event "Florianopolis op 3rd"]
[Site "Florianopolis"]
[Date "2017.01.24"]
[Round "7"]
[White "Gomes, Carlos Henrique Cal"]
[Black "Carvalho, Vivian dos Santos"]
[Result "0-1"]
[WhiteElo "1832"]
[BlackElo "1470"]
[PlyCount "58"]
[EventDate "2017.01.20"]
[EventType "swiss"]
[EventRounds "10"]
[EventCountry "BRA"]
[SourceTitle "CBM 176 Extra"]
[Source "ChessBase"]
[SourceDate "2017.03.02"]
[SourceVersion "1"]
[SourceVersionDate "2017.03.02"]
[SourceQuality "1"]

1. d4 d5 2. c4 e6 3. Nc3 Nf6 4. cxd5 Nxd5 5. e4 Nxc3 6. bxc3 Be7 7. Nf3 0-0 8. Bd3 b6 9. Qc2 Bb7 10. e5 h6 11. Be3 Nd7 12. Qd2 c5 13. h4 a5 14. Bxh6 cxd4 15. cxd4 Bb4 16. Rh3 Bxd2+ 17. Bxd2 f6 18. Ng5 Bd5 19. Bh7+ Kh8 20. Bg6 fxg5 21. hxg5+ Kg8 22. f3 Rf5 23. Bh7+ Kf7 24. Bxf5 exf5 25. e6+ Bxe6 26. g6+ Kxg6 27. Rg3+ Kf7 28. Kf2 Qh4 29. Re1 f4 0-1

[Event "South American-ch U12 Girls"]
[Site "Santiago de Chile"]
[Date "2016.12.03"]
[Round "4.9"]
[White "Carvalho, Vivian dos Santos"]
[Black "Contreras Suazo, Rocio Antonella"]
[Result "1-0"]
[WhiteElo "1519"]
[BlackElo "1312"]
[PlyCount "73"]
[EventDate "2016.12.01"]
[EventType "swiss"]
[EventRounds "9"]
[EventCountry "CHI"]
[SourceTitle "EXT 2022"]
[Source "ChessBase"]
[SourceDate "2021.10.06"]
[SourceVersion "1"]
[SourceVersionDate "2021.10.06"]
[SourceQuality "1"]

1. c4 e6 2. Nc3 f5 3. Nf3 Nf6 4. d4 Bb4 5. Bf4 0-0 6. Qb3 Be7 7. e3 c6 8. c5 b5 9. a4 Qa5 10. Bd3 Nd5 11. Be5 Nxc3 12. bxc3 bxa4 13. Rxa4 Qd8 14. Bxb8 a5 15. Be5 d6 16. cxd6 Bxd6 17. Bxd6 Qxd6 18. 0-0 Bd7 19. Ne5 Rfb8 20. Qa3 Qxa3 21. Rxa3 Be8 22. Rfa1 c5 23. h3 cxd4 24. cxd4 a4 25. Bc4 Rb6 26. Nd3 Kf7 27. Nc5 Rc6 28. Bxe6+ Rxe6 29. Nxe6 Kxe6 30. Kh2 Rb8 31. Kg3 g5 32. Rxa4 Bxa4 33. Rxa4 Kd5 34. Ra5+ Ke6 35. f4 gxf4+ 36. Kxf4 Rf8 37. Re5+ 1-0

[Event "Pocos de Caldas op"]
[Site "Pocos de Caldas"]
[Date "2015.03.15"]
[Round "6"]
[White "Goncalves, Jorge Roberto"]
[Black "Carvalho, Vivian dos Santos"]
[Result "1-0"]
[WhiteElo "2044"]
[BlackElo "1475"]
[PlyCount "35"]
[EventDate "2015.03.13"]
[EventType "swiss"]
[EventRounds "6"]
[EventCountry "BRA"]
[SourceTitle "CBM 165 Extra"]
[Source "ChessBase"]
[SourceDate "2015.04.21"]
[SourceVersion "1"]
[SourceVersionDate "2015.04.21"]
[SourceQuality "1"]

1. d4 c6 2. e3 d5 3. Bd3 Nf6 4. Nd2 Nbd7 5. f4 e6 6. Ngf3 Be7 7. 0-0 0-0 8. Ne5 Nxe5 9. fxe5 Nd7 10. Rf3 c5 11. Bxh7+ Kxh7 12. Rh3+ Kg8 13. Qh5 f6 14. Qg6 fxe5 15. Rh7 Rf7 16. Qh5 g5 17. Rh8+ Kg7 18. Qh7+ 1-0